000 00481cam a2200181ua 4500
020 _a0-07-100472-6
041 _aeng
_h
082 _a006.66
_bHAR/CO
100 _aHarrington, Steven.
245 _aComputer graphics : A programming approach /
_cSteven Harrington.
_hTextual Documents
250 _a2 /
_b.
260 _aNew York :
_bMc Graw Hill Book Company ,
_c1987.
300 _a466 ; .
504 _a
650 _aComputer Graphics
942 _cBK
999 _c178
_d178